000 00660nam a22002177a 4500
003 OSt
005 20250417104040.0
008 220317b ||||| |||| 00| 0 eng d
020 _a9781316629987
040 _cKCST
082 _a428.2402465
_bMa Bu
100 _aMascull, Bill
_95671
245 _aBusiness vocabulary in use :
_bIntermediate : self-study and classroom use : [with answers] /
_cBill Mascull
250 _a3rd
260 _aCambridge :
_bCambridge University Press;
_c2017.
300 _a176 p.
650 _aEnglish (language)
_92090
650 _aVocabulary.
_95672
650 _aEnglish language
_vBusiness English
_95565
942 _2ddc
_cBK
999 _c803
_d803